| 000 | 00926nam a2200289 4500 | ||
|---|---|---|---|
| 001 | 178009 | ||
| 003 | ES-MaACL | ||
| 005 | 20230902094159.0 | ||
| 008 | 110512s2009 sp |||| | spa d | ||
| 017 | _aB-53361-2008 | ||
| 020 | _a9788423426867 | ||
| 080 | _a001.895 | ||
| 080 | _a004:008 | ||
| 100 | 1 |
_aCarr, Nicholas G. _9146492 |
|
| 245 | 1 | 3 |
_aEl gran interruptor _b: el mundo en red, de Edison a Google / _cNicholas Carr. |
| 260 |
_aBarcelona : _bDeusto, _c[2009] |
||
| 300 |
_a252 p. ; _c23 cm. |
||
| 500 | _aÍndice. | ||
| 504 | _aBibliografía: p. [219]-235. | ||
| 650 | 0 | 7 |
_aProgreso científico y tecnológico. _916470 |
| 650 | 7 |
_aOrdenadores y civilización. _9146494 |
|
| 650 | 0 | 4 |
_aTecnología y civilización. _917420 |
| 852 |
_aES-MaACL _9184868 _bR.145734 _jA-11155 _dOlim: N-4160 _cDEPO1 |
||
| 942 |
_2udc _cMONOGRAFIA |
||
| 999 |
_c178009 _d178009 |
||